[Event "FISU World University-ch 2020"]
[Site "Online"]
[Date "2020.10.26"]
[Round "7.35"]
[White "Muniz, Francisco Allysson d"]
[Black "Michailov, Matias"]
[Result "0-1"]
[WhiteElo "2061"]
[BlackElo "2263"]
[Annotator "TA"]
[PlyCount "88"]
[EventDate "2020.10.26"]
[SourceTitle "playchess.com"]
[Source "ChessBase"]
[SourceQuality "1"]

1. d4 Nf6 2. c4 g6 3. Nc3 Bg7 4. e4 d6 5. f3 O-O 6. Be3 c5 7. d5 e6 8. Qd2 exd5 9. cxd5 a6 10. a4 Re8 11. Bd3 Qa5 12. Nge2 b5 13. O-O b4 14. Nd1 Nbd7 15. Ra2 Nb6 16. b3 Nfd7 17. Kh1 Ne5 18. Nb2 Bd7 19. h3 Rac8 20. Rc1 Re7 21. Bg5 f6 22. Be3 Rce8 23. Bb1 f5 24. Bg5 Rf7 25. f4 fxe4 26. fxe5 Rxe5 27. Nc4 Nxc4 28. Rxc4 Rf1+ 29. Ng1 Rxb1 30. Bf4 Re8 31. Qc2 Rf1 32. Rxe4 Bd4 33. Bh2 Qd8 34. Qd3 Rxe4 35. Qxf1 Qe7 36. Nf3 Bf6 37. Qxa6 c4 38. Bxd6 Qf7 39. bxc4 b3 40. Rf2 Bd4 41. Rf1 b2 42. Qb7 Bf5 43. Nxd4 Qxb7 44. Nxf5 gxf5 0-1

[Event "FISU World University-ch 2020"]
[Site "Online"]
[Date "2020.10.26"]
[Round "7.35"]
[White "Palacio, Enzo"]
[Black "Dos Santos, Lucas Vinicius Monte"]
[Result "1-0"]
[WhiteElo "1896"]
[BlackElo "1938"]
[Annotator "NA"]
[PlyCount "143"]
[EventDate "2020.10.26"]
[SourceTitle "playchess.com"]
[Source "ChessBase"]
[SourceQuality "1"]

1. e4 c5 2. Nf3 d6 3. d4 cxd4 4. Nxd4 Nf6 5. Nc3 a6 6. Be3 e6 7. f3 Be7 8. Qd2 b5 9. O-O-O b4 10. Nce2 O-O 11. Kb1 a5 12. g4 Qc7 13. g5 Nfd7 14. h4 a4 15. Qxb4 Nc6 16. Nxc6 Qxc6 17. Nd4 Qc7 18. Nb5 Qb8 19. a3 Nc5 20. Nxd6 Nb7 21. e5 Rd8 22. Bb6 Bxd6 23. exd6 Rxd6 24. Rxd6 Qxd6 25. Qxd6 Nxd6 26. Bd3 Bb7 27. Rf1 Bd5 28. Bd4 Rb8 29. Be5 Rb6 30. Bxd6 Rxd6 31. c4 Bc6 32. Rd1 g6 33. Be2 Rxd1+ 34. Bxd1 f6 35. Kc2 f5 36. f4 Kf7 37. Kc3 e5 38. fxe5 f4 39. Kd4 Ke6 40. Bg4+ Ke7 41. Kd3 Bg2 42. Ke2 Bb7 43. Bf3 Bc8 44. Kd3 Bf5+ 45. Kd4 Kd7 46. c5 Be6 47. c6+ Kc7 48. Kc5 Bb3 49. Kb4 Kd8 50. Kc5 Kc7 51. h5 gxh5 52. Bxh5 Be6 53. Bf3 Bb3 54. Kb4 Kd8 55. Kc3 Ke7 56. Kd4 Bc2 57. Bg4 Kd8 58. e6 Bg6 59. Ke5 Kc7 60. Bf3 Bc2 61. Kf6 Bg6 62. Ke5 Kd8 63. Kxf4 Bc2 64. Ke5 Bg6 65. Kd6 Be8 66. c7+ Kc8 67. Bg4 h5 68. gxh6 Bc6 69. e7+ Kb7 70. c8=Q+ Ka7 71. Qxc6 Kb8 72. e8=Q+ 1-0

[Event "FISU World University-ch 2020"]
[Site "Online"]
[Date "2020.10.26"]
[Round "7.35"]
[White "Araujo, Lucas Filipe Echer"]
[Black "Lanaro, Emilio"]
[Result "1-0"]
[WhiteElo "1788"]
[BlackElo "1657"]
[Annotator "NA"]
[PlyCount "57"]
[EventDate "2020.10.26"]
[SourceTitle "playchess.com"]
[Source "ChessBase"]
[SourceQuality "1"]

1. c4 Nf6 2. g3 g6 3. Bg2 Bg7 4. Nc3 d6 5. e4 e5 6. Nge2 O-O 7. O-O Nc6 8. d3 Ne8 9. Be3 f5 10. exf5 gxf5 11. f4 Kh8 12. Qd2 Nf6 13. fxe5 dxe5 14. Bh6 Qe7 15. Bxg7+ Qxg7 16. Rae1 Bd7 17. Nd5 Nxd5 18. cxd5 Nd4 19. Nxd4 exd4 20. Qf4 Bb5 21. Re5 Bxd3 22. Rd1 Be4 23. Bxe4 fxe4 24. Qxe4 Rad8 25. Re7 Rf7 26. Rxf7 Qxf7 27. Qxd4+ Kg8 28. Qe5 b6 29. Qg5+ 1-0

[Event "FISU World University-ch 2020"]
[Site "Online"]
[Date "2020.10.26"]
[Round "7.35"]
[White "Perez, Cecilia Manuela"]
[Black "Assuncao, Darlane Brito"]
[Result "0-1"]
[WhiteElo "1588"]
[BlackElo "1705"]
[Annotator "NA"]
[PlyCount "68"]
[EventDate "2020.10.26"]
[SourceTitle "playchess.com"]
[Source "ChessBase"]
[SourceQuality "1"]

1. Nf3 Nf6 2. g3 g6 3. Bg2 Bg7 4. O-O O-O 5. d3 d6 6. Nbd2 e5 7. e4 Nc6 8. Nc4 Be6 9. Ne3 Ne7 10. Bd2 c6 11. Bc3 Qd7 12. Ng5 h6 13. Nxe6 fxe6 14. Ng4 Rae8 15. Bd2 Kh7 16. Nxf6+ Rxf6 17. Qe2 Rf7 18. Rae1 d5 19. Be3 b6 20. f4 d4 21. Bd2 Ref8 22. Rf3 Ng8 23. Ref1 c5 24. fxe5 Bxe5 25. Rxf7+ Rxf7 26. Rxf7+ Qxf7 27. Qf2 Kg7 28. Qxf7+ Kxf7 29. Bh3 Bf6 30. Kf2 e5 31. Bd7 h5 32. h3 Ne7 33. Kf3 g5 34. b3 Ng6 0-1

[Event "FISU World University-ch 2020"]
[Site "Online"]
[Date "2020.10.26"]
[Round "7.36"]
[White "Muhseen Abdullah Mohammed"]
[Black "Heyworth, Nicholas"]
[Result "1/2-1/2"]
[WhiteElo "2200"]
[BlackElo "1752"]
[Annotator "TA"]
[PlyCount "199"]
[EventDate "2020.10.26"]
[SourceTitle "playchess.com"]
[Source "ChessBase"]
[SourceQuality "1"]

1. d4 Nf6 2. Bf4 Nh5 3. Bg3 Nxg3 4. hxg3 g6 5. e3 Bg7 6. Nf3 c5 7. c3 cxd4 8. cxd4 Nc6 9. Nc3 d6 10. Bb5 O-O 11. O-O a6 12. Ba4 b5 13. Bb3 e6 14. a3 Bb7 15. Rc1 Rc8 16. Qd2 Na5 17. Ba2 Nc4 18. Bxc4 bxc4 19. Rfe1 Qf6 20. Qe2 e5 21. d5 Qd8 22. Nd2 Rc5 23. e4 Bh6 24. Rcd1 Bxd2 25. Qxd2 Qa5 26. Kh2 f5 27. Qg5 Qd8 28. Qd2 fxe4 29. Rxe4 Qf6 30. f3 Qf7 31. Ree1 Rb8 32. f4 exf4 33. Qxf4 Qxf4 34. gxf4 Rf8 35. g3 Rc7 36. Re6 Rd7 37. Rd4 Rc8 38. Ne4 Kf8 39. Nxd6 Rcc7 40. Re8+ Kg7 41. Nxb7 Rxb7 42. Re2 Rb5 43. d6 Rb6 44. Rxc4 Rbxd6 45. Ra4 Rb7 46. b4 Kf6 47. Ra5 Rbd7 48. Kh3 h5 49. Re8 Ra7 50. Rg8 Kf7 51. Rc8 Rb6 52. Rcc5 Ke6 53. Kh4 Kf6 54. b5 Rd6 55. Rc6 Rxc6 56. bxc6 Ke6 57. Kg5 Kf7 58. a4 Kg7 59. c7 Rxc7 60. Rxa6 Rc5+ 61. Kh4 Kh6 62. a5 Rc1 63. Kh3 Rc5 64. Ra8 Kh7 65. a6 Ra5 66. a7 Kg7 67. Kh4 Kh7 68. Rb8 Rxa7 69. Rb5 Kh6 70. Rb6 Ra5 71. Re6 Ra1 72. Kh3 Ra5 73. Re5 Ra1 74. Kg2 Ra3 75. Re6 Kg7 76. Kh3 Kf7 77. Rb6 Ra1 78. Kh4 Ra5 79. Rb7+ Kf6 80. Rb6+ Kf5 81. Rb8 Kf6 82. Rf8+ Kg7 83. Re8 Kf7 84. Re5 Ra3 85. Rb5 Kf6 86. Rb6+ Kf7 87. g4 hxg4 88. Kxg4 Ra5 89. Rd6 Kg7 90. Rc6 Kf7 91. Rd6 Kg7 92. Re6 Kf7 93. Rb6 Kg7 94. Rb7+ Kf6 95. Rb6+ Kg7 96. Re6 Kf7 97. Re5 Rxe5 98. fxe5 Ke6 99. Kg5 Kxe5 100. Kxg6 1/2-1/2

[Event "FISU World University-ch 2020"]
[Site "Online"]
[Date "2020.10.26"]
[Round "7.37"]
[White "Mendez Gonzalez, Jose Armando"]
[Black "Ketipearachchi, Dilanka Hideo"]
[Result "0-1"]
[WhiteElo "1588"]
[BlackElo "1510"]
[Annotator "NA"]
[PlyCount "54"]
[EventDate "2020.10.26"]
[SourceTitle "playchess.com"]
[Source "ChessBase"]
[SourceQuality "1"]

1. e4 c5 2. Nc3 d6 3. f4 Nc6 4. Bc4 e6 5. d3 Nf6 6. Bb3 Be7 7. Nf3 a6 8. a4 Rb8 9. O-O b5 10. axb5 axb5 11. Qe1 b4 12. Ne2 Na5 13. Ba4+ Bd7 14. Bxd7+ Nxd7 15. Qg3 O-O 16. f5 Re8 17. Bh6 g6 18. fxe6 fxe6 19. Ng5 Bf8 20. Bxf8 Nxf8 21. Nf4 Nc6 22. c3 bxc3 23. bxc3 Rb3 24. Qh4 Rb7 25. Rab1 Ra7 26. Nfxe6 Nxe6 27. Nxe6 Qxh4 0-1

[Event "FISU World University-ch 2020"]
[Site "Online"]
[Date "2020.10.26"]
[Round "7.37"]
[White "Kottahachchi, A S"]
[Black "Tapia Alvarez, Alejandro"]
[Result "1-0"]
[WhiteElo "1400"]
[BlackElo "1450"]
[Annotator "NA"]
[PlyCount "39"]
[EventDate "2020.10.26"]
[SourceTitle "playchess.com"]
[Source "ChessBase"]
[SourceQuality "1"]

1. d4 d5 2. c4 Nf6 3. Nc3 e6 4. cxd5 Nxd5 5. e4 Nxc3 6. bxc3 Be7 7. Nf3 b6 8. Bd3 Bb7 9. O-O O-O 10. Qc2 Nd7 11. Bf4 h6 12. Rab1 c5 13. Rfd1 Bg5 14. Nxg5 hxg5 15. Be3 Nf6 16. Bxg5 cxd4 17. cxd4 Qxd4 18. e5 Ng4 19. Bh7+ Kh8 20. Rxd4 1-0

[Event "FISU World University-ch 2020"]
[Site "Online"]
[Date "2020.10.26"]
[Round "7.37"]
[White "Salas Estrada, Ana Maria"]
[Black "Sathma, Devni"]
[Result "0-1"]
[WhiteElo "1270"]
[BlackElo "1299"]
[Annotator "NA"]
[PlyCount "96"]
[EventDate "2020.10.26"]
[SourceTitle "playchess.com"]
[Source "ChessBase"]
[SourceQuality "1"]

1. e4 d5 2. exd5 Qxd5 3. Nc3 Qa5 4. d4 c6 5. Bd2 Qb6 6. Nf3 Qxb2 7. Bc4 Qb6 8. O-O Nf6 9. Rb1 Qc7 10. Ne5 e6 11. Qf3 Bd6 12. Bf4 Nbd7 13. Rfe1 O-O 14. Ne4 Nxe5 15. dxe5 Nxe4 16. Rxe4 Be7 17. Qg3 Rd8 18. Bh6 Bf8 19. Rg4 g6 20. Bxf8 Kxf8 21. Rh4 h5 22. Qg5 Qe7 23. Qh6+ Ke8 24. Qh8+ Kd7 25. Rd1+ Kc7 26. Rxd8 Qxd8 27. Qxd8+ Kxd8 28. Rd4+ Ke7 29. f4 b5 30. Be2 Bb7 31. Rd6 Rd8 32. Rxd8 Kxd8 33. g3 Kc7 34. Kf2 Kb6 35. Ke3 c5 36. Kd3 b4 37. Kc4 Bd5+ 38. Kd3 Bxa2 39. g4 hxg4 40. Bxg4 a5 41. h4 a4 42. h5 gxh5 43. Bxh5 a3 44. Bxf7 Bc4+ 45. Kxc4 a2 46. Bxe6 a1=Q 47. f5 Qc3+ 48. Kd5 Qd4# 0-1

[Event "FISU World University-ch 2020"]
[Site "Online"]
[Date "2020.10.26"]
[Round "7.37"]
[White "Hansamali, H M Samudrika"]
[Black "Castro Richard, Ixel"]
[Result "0-1"]
[WhiteElo "1181"]
[BlackElo "1216"]
[Annotator "NA"]
[PlyCount "66"]
[EventDate "2020.10.26"]
[SourceTitle "playchess.com"]
[Source "ChessBase"]
[SourceQuality "1"]

1. d4 d5 2. c4 e6 3. Nc3 Bb4 4. Qc2 Nf6 5. cxd5 exd5 6. Bg5 O-O 7. e3 Be6 8. Bd3 Nbd7 9. Nf3 c6 10. O-O Qc7 11. Bf4 Bd6 12. Bxd6 Qxd6 13. Rac1 Bg4 14. Be2 Rfe8 15. h3 Bh5 16. Na4 Ne4 17. Nc5 Ndxc5 18. dxc5 Qd7 19. Rfd1 Qc7 20. b4 Rad8 21. Nd4 Bg6 22. Qb3 Qe5 23. Nf3 Qf6 24. a4 Qe7 25. Nd4 Qg5 26. Nf3 Qf6 27. Qa3 Ng5 28. Nxg5 Qxg5 29. Bf3 Bf5 30. Kh1 Re6 31. b5 Rh6 32. Rg1 Bxh3 33. Kh2 Bxg2+ 0-1

[Event "FISU World University-ch 2020"]
[Site "Online"]
[Date "2020.10.26"]
[Round "8.1"]
[White "Liu, Yan"]
[Black "Nikitenko, Mihail"]
[Result "1-0"]
[WhiteElo "2524"]
[BlackElo "2436"]
[Annotator "TA"]
[PlyCount "89"]
[EventDate "2020.10.26"]
[SourceTitle "playchess.com"]
[Source "ChessBase"]
[SourceQuality "1"]

1. Nf3 Nf6 2. c4 c6 3. d4 d5 4. e3 e6 5. Bd3 Nbd7 6. b3 Bd6 7. Bb2 b6 8. O-O Bb7 9. Nbd2 O-O 10. Re1 Qe7 11. e4 dxe4 12. Nxe4 Nxe4 13. Bxe4 Nf6 14. Bc2 Rad8 15. Qd3 Rfe8 16. Rad1 h6 17. Ne5 c5 18. Ng4 cxd4 19. Bxd4 Ne4 20. Rxe4 Bxe4 21. Qxe4 f5 22. Qf3 fxg4 23. Qe4 Qg5 24. g3 Bc5 25. Bxc5 Rxd1+ 26. Bxd1 bxc5 27. Bxg4 e5 28. Kg2 Kh8 29. h4 Qf6 30. Bf3 Rf8 31. Qe3 Qd6 32. Bd5 Re8 33. Qe4 Qf6 34. Qe3 e4 35. Bxe4 Qe5 36. f3 Rd8 37. Qf2 Rd4 38. Bd5 g5 39. h5 Qe8 40. b4 Qa4 41. Qe2 Rxd5 42. cxd5 Qxb4 43. d6 Qd4 44. Qe8+ Kg7 45. Qe7+ 1-0

[Event "FISU World University-ch 2020"]
[Site "Online"]
[Date "2020.10.26"]
[Round "8.1"]
[White "Zarubitski, Viachaslau"]
[Black "Lu, Shanglei"]
[Result "0-1"]
[WhiteElo "2442"]
[BlackElo "2615"]
[Annotator "TA"]
[PlyCount "84"]
[EventDate "2020.10.26"]
[SourceTitle "playchess.com"]
[Source "ChessBase"]
[SourceQuality "1"]

1. Nf3 Nf6 2. c4 e6 3. b3 d5 4. Bb2 g6 5. g3 Bg7 6. Bg2 O-O 7. O-O dxc4 8. bxc4 c5 9. d3 Nc6 10. Nc3 Qc7 11. Qd2 Qd8 12. Rfd1 Bd7 13. Rac1 Qe7 14. e3 Rac8 15. Ba3 b6 16. d4 Rfd8 17. dxc5 Be8 18. Qe2 bxc5 19. Rxd8 Rxd8 20. Nd2 Nb4 21. Nb3 Qc7 22. Nb5 Qb6 23. Bxb4 cxb4 24. N5d4 Qa6 25. Nc5 Qa3 26. Rc2 Rc8 27. Nb7 Bf8 28. c5 e5 29. Nb3 Kg7 30. Nd6 Bxd6 31. cxd6 Rc3 32. Qd2 a5 33. Rxc3 bxc3 34. Qxc3 a4 35. Qc5 Qxa2 36. Na5 a3 37. Bc6 Bxc6 38. Nxc6 Qb1+ 39. Kg2 a2 40. Nxe5 a1=Q 41. d7 Qh1+ 42. Kh3 Qaf1+ 0-1

[Event "FISU World University-ch 2020"]
[Site "Online"]
[Date "2020.10.26"]
[Round "8.1"]
[White "Gu, Tianlu"]
[Black "Ilyuchyk, Yana"]
[Result "1-0"]
[WhiteElo "2267"]
[BlackElo "2119"]
[Annotator "ChessBase"]
[PlyCount "129"]
[EventDate "2020.10.26"]
[SourceTitle "playchess.com"]
[Source "ChessBase"]
[SourceQuality "1"]

1. e4 c5 2. Nf3 Nc6 3. d4 cxd4 4. Nxd4 Nf6 5. Nc3 d6 6. f3 e5 7. Nb3 Be7 8. Be3 O-O 9. Qd2 a5 10. Bb5 Na7 11. Bxa7 Rxa7 12. O-O-O a4 13. Qf2 Ra8 14. Nxa4 Be6 15. Kb1 Qb8 16. Nc3 Rc8 17. Nd5 Nxd5 18. exd5 Bf5 19. Bd3 Bd7 20. h4 b5 21. g4 Ra4 22. Rhe1 Qa8 23. Nc1 Qa5 24. Re4 Ra8 25. Rxa4 bxa4 26. a3 Rb8 27. Na2 Bd8 28. g5 Bb6 29. Qe1 Qa7 30. Qe4 g6 31. Nb4 Bc5 32. c3 Bf5 33. Qe2 Bxd3+ 34. Qxd3 Bxb4 35. cxb4 Qf2 36. Qe4 Rc8 37. b5 Rc5 38. Qxa4 Qe2 39. b6 Rb5 40. b4 Rxb6 41. Qc2 Qxf3 42. Kb2 Qg4 43. Rf1 Qd4+ 44. Kb3 Qxd5+ 45. Qc4 Qb7 46. Rc1 Kg7 47. a4 d5 48. Qc5 Re6 49. b5 d4 50. a5 d3 51. Rd1 Qf3 52. Rd2 Qf1 53. Qc3 Qb1+ 54. Ka4 Kg8 55. Qxd3 Qa1+ 56. Qa3 Qxa3+ 57. Kxa3 e4 58. a6 e3 59. Re2 Kf8 60. a7 Re8 61. Kb4 f5 62. gxf6 h6 63. Rxe3 Rxe3 64. a8=Q+ Kf7 65. Qa7+ 1-0

[Event "FISU World University-ch 2020"]
[Site "Online"]
[Date "2020.10.26"]
[Round "8.1"]
[White "Ivannikau, Maksim"]
[Black "Xu, Minghui"]
[Result "0-1"]
[WhiteElo "2224"]
[BlackElo "2407"]
[Annotator "TA"]
[PlyCount "168"]
[EventDate "2020.10.26"]
[SourceTitle "playchess.com"]
[Source "ChessBase"]
[SourceQuality "1"]

1. Nf3 d5 2. g3 Nd7 3. Bg2 e5 4. d3 Ngf6 5. O-O Bd6 6. Nbd2 O-O 7. e4 c6 8. b3 Re8 9. Bb2 Nf8 10. Re1 Ng6 11. Qe2 a5 12. a4 h6 13. Nf1 d4 14. c3 c5 15. c4 Be6 16. N1d2 Qd7 17. Rab1 Nh7 18. Qf1 Rf8 19. Rbd1 Rae8 20. Bc1 Kh8 21. Nb1 f5 22. exf5 Bxf5 23. Nbd2 Nf6 24. Ne4 Nxe4 25. dxe4 Bg4 26. Rd3 Rf7 27. h3 Be6 28. Kh2 Ref8 29. Qe2 Ne7 30. Rf1 Nc6 31. Bd2 Rf6 32. Ne1 Qf7 33. Kg1 b6 34. Bc1 Qd7 35. Kh2 Qf7 36. Rd2 g5 37. Nd3 Ne7 38. Rc2 Ng6 39. Qh5 Ne7 40. Qxf7 R6xf7 41. Re2 Ng6 42. Rc2 Kg7 43. Kg1 Be7 44. Rb2 h5 45. Re1 Rf3 46. Rd1 R3f7 47. Re1 g4 48. h4 Rb8 49. Bd2 Kh7 50. Rd1 Bf8 51. Re1 Bh6 52. Bxh6 Kxh6 53. Rc1 Kg7 54. Rbc2 Rbf8 55. Rb2 Kf6 56. Rbc2 Ke7 57. Rb2 Kd6 58. Rbc2 Bd7 59. Rb2 Bc6 60. Re2 Ke6 61. Rd1 Ne7 62. Rc1 Nc8 63. Rb1 Nd6 64. Rd1 Rf3 65. Bxf3 Rxf3 66. Nc1 Nxe4 67. Rd3 Nc3 68. Re1 Kf5 69. Rd2 e4 70. Kh2 Kf6 71. Rb2 Bd7 72. Na2 Bf5 73. Nxc3 Rxc3 74. Kg2 Ke5 75. Kf1 e3 76. fxe3 dxe3 77. Ke2 Be4 78. Kf1 Bf3 79. Kg1 Kd4 80. Kf1 Rd3 81. Kg1 Rd2 82. Rbb1 Rg2+ 83. Kf1 e2+ 84. Rxe2 Rxe2 0-1

[Event "FISU World University-ch 2020"]
[Site "Online"]
[Date "2020.10.26"]
[Round "8.2"]
[White "Martirosyan, Haik M."]
[Black "Campos Jimenez, Augusto Cesar"]
[Result "0-1"]
[WhiteElo "2622"]
[BlackElo "2353"]
[Annotator "TA"]
[PlyCount "130"]
[EventDate "2020.10.26"]
[SourceTitle "playchess.com"]
[Source "ChessBase"]
[SourceQuality "1"]

1. d4 d5 2. c4 e6 3. Nf3 c5 4. cxd5 exd5 5. Nc3 Nc6 6. dxc5 d4 7. Na4 b5 8. cxb6 axb6 9. b3 Nf6 10. e3 b5 11. Nb2 Ne4 12. Qc2 Bb4+ 13. Nd2 O-O 14. Qxe4 Re8 15. Qxc6 dxe3 16. fxe3 Rxe3+ 17. Be2 Bg4 18. O-O Bxe2 19. Rf4 Rc8 20. Qb7 Rc7 21. Qa6 Rec3 22. Rxb4 Rxc1+ 23. Rxc1 Rxc1+ 24. Kf2 Rc2 25. Re4 Bh5 26. Kg1 Rxd2 27. Qxb5 f5 28. Qxf5 Qb6+ 29. Kh1 Qc6 30. h3 Bg6 31. Qg5 Qc1+ 32. Kh2 Bxe4 33. Nd3 Bxd3 34. Qd5+ Kf8 35. Qd8+ Kf7 36. Qd7+ Kf6 37. Qd6+ Kf5 38. Qd5+ Kf4 39. Qd6+ Ke3 40. Qe5+ Be4 41. Qg3+ Kd4 42. Qd6+ Kc3 43. Qe5+ Kd3 44. Qb5+ Ke3 45. Qg5+ Ke2 46. Qh5+ Ke1 47. Qh4+ Rf2 48. Qxe4+ Re2 49. Qb4+ Qd2 50. Qh4+ Kd1 51. Qg4 Qxa2 52. Qxg7 Qxb3 53. Qg4 Qb8+ 54. Kg1 Qb6+ 55. Kh2 Qd6+ 56. Kg1 Qc5+ 57. Kh1 Kd2 58. Qf4+ Ke1 59. Qg3+ Qf2 60. Qc3+ Rd2 61. Qe5+ Kf1 62. Qb5+ Qe2 63. Qb1+ Qd1 64. Qf5+ Rf2 65. Kh2 Rxf5 0-1

[Event "FISU World University-ch 2020"]
[Site "Online"]
[Date "2020.10.26"]
[Round "8.2"]
[White "Albornoz Cabrera, Carlos Daniel"]
[Black "Petrosyan, Manuel"]
[Result "1-0"]
[WhiteElo "2573"]
[BlackElo "2628"]
[Annotator "TA"]
[PlyCount "81"]
[EventDate "2020.10.26"]
[SourceTitle "playchess.com"]
[Source "ChessBase"]
[SourceQuality "1"]

1. e4 e5 2. Nf3 Nc6 3. Bb5 Nf6 4. d3 Bc5 5. c3 O-O 6. O-O Re8 7. Nbd2 a6 8. Ba4 b5 9. Bb3 d6 10. Re1 h6 11. Nf1 Bb6 12. Be3 Bxe3 13. fxe3 Na5 14. Bc2 c5 15. Ng3 g6 16. Rf1 Kg7 17. Qd2 Nc6 18. h3 Be6 19. d4 Ne7 20. Rf2 Neg8 21. Raf1 Bxa2 22. b3 c4 23. b4 Bb3 24. Bb1 Rf8 25. Qe1 a5 26. bxa5 Rxa5 27. Nh4 Ra1 28. Rd2 Nd7 29. dxe5 Nxe5 30. Rxd6 Qg5 31. Ngf5+ Kh7 32. Rd5 Nd3 33. Qe2 gxf5 34. Nxf5 Nf6 35. Rd6 Nxe4 36. Rxh6+ Kg8 37. Rh5 f6 38. Rxg5+ fxg5 39. Qh5 Ne5 40. Bxe4 Rxf1+ 41. Kxf1 1-0

[Event "FISU World University-ch 2020"]
[Site "Online"]
[Date "2020.10.26"]
[Round "8.2"]
[White "Elias Reyes, Jorge Roberto"]
[Black "Sargsyan, Shant"]
[Result "1/2-1/2"]
[WhiteElo "2428"]
[BlackElo "2596"]
[Annotator "TA"]
[PlyCount "62"]
[EventDate "2020.10.26"]
[SourceTitle "playchess.com"]
[Source "ChessBase"]
[SourceQuality "1"]

1. e4 e5 2. Nf3 Nc6 3. Bc4 Bc5 4. c3 Nf6 5. d3 d6 6. a4 a5 7. O-O h6 8. Re1 O-O 9. h3 Be6 10. Nbd2 Re8 11. Bb5 Bd7 12. Nc4 Ne7 13. Bxd7 Qxd7 14. d4 exd4 15. cxd4 Bb4 16. Bd2 Ng6 17. Bxb4 axb4 18. e5 dxe5 19. Nfxe5 Nxe5 20. dxe5 Nd5 21. Nd6 cxd6 22. Qxd5 Re6 23. Red1 Rd8 24. exd6 Rxd6 25. Qxd6 Qxd6 26. Rxd6 Rxd6 27. Rc1 Rd2 28. Rc7 Rxb2 29. Rxb7 b3 30. a5 Ra2 31. Rxb3 Rxa5 1/2-1/2

[Event "FISU World University-ch 2020"]
[Site "Online"]
[Date "2020.10.26"]
[Round "8.2"]
[White "Sargsyan, Anna M."]
[Black "Palmero Martinez, Rachel"]
[Result "1-0"]
[WhiteElo "2402"]
[BlackElo "2099"]
[Annotator "TA"]
[PlyCount "69"]
[EventDate "2020.10.26"]
[SourceTitle "playchess.com"]
[Source "ChessBase"]
[SourceQuality "1"]

1. d4 Nf6 2. c4 g6 3. g3 Bg7 4. Bg2 O-O 5. Nc3 d6 6. Nf3 Nc6 7. O-O a6 8. Qd3 Nb4 9. Qd2 a5 10. e4 Bd7 11. a3 Na6 12. b3 e5 13. Bb2 exd4 14. Nxd4 Nc5 15. Rfe1 Re8 16. Rad1 Qc8 17. Qc2 Bh3 18. Bh1 h5 19. Nde2 h4 20. Nf4 hxg3 21. hxg3 Bg4 22. f3 Bd7 23. Ncd5 Qd8 24. Nxf6+ Bxf6 25. Nd5 Bg7 26. Re2 c6 27. Bxg7 Kxg7 28. Ne3 Qg5 29. Nf1 Rh8 30. Qc3+ f6 31. Rxd6 Bh3 32. f4 Qg4 33. Qxf6+ Kh7 34. Rh2 Raf8 35. Rxh3+ 1-0

[Event "FISU World University-ch 2020"]
[Site "Online"]
[Date "2020.10.26"]
[Round "8.3"]
[White "Roshka, Yevgeniy"]
[Black "Nenezic, Marko"]
[Result "0-1"]
[WhiteElo "2476"]
[BlackElo "2528"]
[Annotator "TA"]
[PlyCount "124"]
[EventDate "2020.10.26"]
[SourceTitle "playchess.com"]
[Source "ChessBase"]
[SourceQuality "1"]

1. d4 Nf6 2. c4 g6 3. Nc3 Bg7 4. e4 d6 5. Nge2 O-O 6. Ng3 a6 7. Be2 c5 8. d5 b5 9. cxb5 axb5 10. Bxb5 Qa5 11. O-O Ba6 12. a4 h5 13. Bd2 Ne8 14. Ra3 Qd8 15. Qc1 Nd7 16. Bh6 h4 17. Nge2 Ne5 18. Bxg7 Kxg7 19. Bxa6 Rxa6 20. Nb5 Nf6 21. f4 Ned7 22. Qc2 Qb6 23. Kh1 Rfa8 24. Ng1 Qa5 25. Nh3 Rb8 26. f5 gxf5 27. exf5 Nxd5 28. Qe4 N7f6 29. Qxh4 Rg8 30. Rg3+ Kf8 31. Qh6+ Ke8 32. Rxg8+ Nxg8 33. Qg7 Ngf6 34. Ng5 Qxa4 35. Qxf7+ Kd8 36. Ne6+ Kd7 37. Nc3 Nxc3 38. bxc3 Qa1 39. Rg1 Qxc3 40. Nf8+ Kd8 41. Ng6 Qe3 42. Rb1 Rb6 43. Rd1 Ng4 44. Qg8+ Kc7 45. h3 Nf2+ 46. Kh2 Nxd1 47. Qa8 Nc3 48. Qa7+ Rb7 49. Qa5+ Kc6 50. Qa6+ Rb6 51. Qc4 Rb4 52. Qa6+ Rb6 53. Qc4 Ne2 54. Qa4+ Kc7 55. Qa7+ Rb7 56. Qa5+ Kc8 57. Qa8+ Rb8 58. Qa6+ Kd8 59. Qa5+ Ke8 60. Qa4+ Kf7 61. Qc4+ Kg7 62. Qg4 Qg1# 0-1

[Event "FISU World University-ch 2020"]
[Site "Online"]
[Date "2020.10.26"]
[Round "8.3"]
[White "Zajic, Milan"]
[Black "Bakhmatsky, Vladislav"]
[Result "1/2-1/2"]
[WhiteElo "2467"]
[BlackElo "2438"]
[Annotator "ChessBase"]
[PlyCount "60"]
[EventDate "2020.10.26"]
[SourceTitle "playchess.com"]
[Source "ChessBase"]
[SourceQuality "1"]

1. e4 c5 2. Nf3 d6 3. Bb5+ Nd7 4. c3 Ngf6 5. Qe2 a6 6. Ba4 b5 7. Bc2 Bb7 8. O-O e6 9. d4 Be7 10. a4 Qb6 11. Re1 O-O 12. e5 Nd5 13. Nbd2 cxd4 14. cxd4 Nf4 15. Qf1 Rac8 16. Be4 dxe5 17. axb5 axb5 18. Bxb7 Qxb7 19. dxe5 Nc5 20. Ne4 Nfd3 21. Nxc5 Nxc5 22. Be3 Ra8 23. h4 h6 24. Rad1 Rfd8 25. Qe2 Rab8 26. Ra1 Rd5 27. Rad1 Rbd8 28. Rxd5 Rxd5 29. Ra1 Bf8 30. Qc2 Nd3 1/2-1/2

[Event "FISU World University-ch 2020"]
[Site "Online"]
[Date "2020.10.26"]
[Round "8.3"]
[White "Osmak, Iulija"]
[Black "Radovanovic, Mihajlo"]
[Result "1/2-1/2"]
[WhiteElo "2438"]
[BlackElo "2457"]
[Annotator "ChessBase"]
[PlyCount "89"]
[EventDate "2020.10.26"]
[SourceTitle "playchess.com"]
[Source "ChessBase"]
[SourceQuality "1"]

1. d4 Nf6 2. c4 g6 3. Nc3 Bg7 4. e4 d6 5. Be2 O-O 6. Be3 c6 7. g4 d5 8. e5 Ne4 9. Nxe4 dxe4 10. Qc2 c5 11. Qxe4 cxd4 12. Bxd4 Nc6 13. Bc3 Nxe5 14. Rd1 Qc7 15. h3 Be6 16. Nf3 Nxc4 17. Nd4 Nd6 18. Nxe6 Bxc3+ 19. Kf1 fxe6 20. Qxe6+ Rf7 21. bxc3 Qc5 22. Rh2 Raf8 23. Rd3 Kh8 24. Re3 Qb6 25. Qe5+ Kg8 26. Bd3 Qb2 27. Re2 Qc1+ 28. Kg2 Rf3 29. Bc2 b5 30. Bb3+ Nc4 31. Qxb5 Rxf2+ 32. Rxf2 Rxf2+ 33. Kxf2 Qe3+ 34. Kf1 Qc1+ 35. Ke2 Qd2+ 36. Kf1 Qc1+ 37. Kg2 Qd2+ 38. Kg3 Qe3+ 39. Kg2 Qe2+ 40. Kg1 Qe1+ 41. Kg2 Qe2+ 42. Kg1 Qe1+ 43. Kg2 Qe2+ 44. Kg1 Qe1+ 45. Kg2 1/2-1/2

[Event "FISU World University-ch 2020"]
[Site "Online"]
[Date "2020.10.26"]
[Round "8.3"]
[White "Velikic, Adela"]
[Black "Peng, Li Min"]
[Result "1-0"]
[WhiteElo "2259"]
[BlackElo "2431"]
[Annotator "TA"]
[PlyCount "91"]
[EventDate "2020.10.26"]
[SourceTitle "playchess.com"]
[Source "ChessBase"]
[SourceQuality "1"]

1. c4 e6 2. Nc3 d5 3. d4 c6 4. e4 dxe4 5. Nxe4 Bb4+ 6. Nc3 c5 7. Be3 cxd4 8. Qxd4 Qxd4 9. Bxd4 f6 10. a3 Bxc3+ 11. Bxc3 e5 12. f4 exf4 13. Ne2 f3 14. gxf3 Kf7 15. Nf4 Nh6 16. c5 Re8+ 17. Kf2 Nc6 18. Bc4+ Kf8 19. Rhe1 Bf5 20. b4 Nf7 21. Rxe8+ Rxe8 22. Rd1 Nfe5 23. Bb5 a6 24. Be2 g5 25. Nd5 Kf7 26. a4 Bc2 27. Ra1 Rd8 28. Ne3 Nd3+ 29. Bxd3 Rxd3 30. Be1 Nd4 31. b5 Bb3 32. c6 bxc6 33. bxa6 Ne6 34. Ra3 Nc7 35. a7 c5 36. Ba5 Na8 37. Nd5 Rxd5 38. Rxb3 c4 39. Rb7+ Kg6 40. Bc3 Rd3 41. Rb8 Nc7 42. Ba5 c3 43. Bxc7 c2 44. a8=Q c1=Q 45. Qe4+ Kh5 46. Qxh7# 1-0